| 000 | 00472nam a2200157Ia 4500 | ||
|---|---|---|---|
| 999 |
_c19395 _d19395 |
||
| 003 | OSt | ||
| 005 | 20200624101454.0 | ||
| 008 | 190216s9999||||xx |||||||||||||| ||und|| | ||
| 040 | _coclc | ||
| 082 |
_a954 _bPAN/S |
||
| 100 |
_a Pande, G C _93064 |
||
| 245 | 0 |
_aSpiritual Vision And Symbolic Forms In Ancient India / _cG C Pande |
|
| 260 |
_bBooks And Books Publishers, _c1984. _aDelhi: |
||
| 300 | _a363p | ||
| 942 |
_cBK _2ddc _h954 _iPAN/S _k954 _mPAN/S |
||